[Event "Plomari op 1st"]
[Site "Plomari"]
[Date "2019.07.25"]
[Round "9"]
[White "Troubounis, Konstantinos"]
[Black "Gamback, Bjorn"]
[Result "1-0"]
[WhiteElo "1593"]
[BlackElo "2156"]
[PlyCount "119"]
[EventDate "2019.07.18"]
[EventType "swiss"]
[EventRounds "9"]
[EventCountry "GRE"]
[SourceTitle "EXT 2020"]
[Source "ChessBase"]
[SourceDate "2019.10.17"]
[SourceVersion "1"]
[SourceVersionDate "2019.10.17"]
[SourceQuality "1"]

1. e4 c5 2. d4 cxd4 3. c3 d5 4. Qxd4 dxe4 5. Qxd8+ Kxd8 6. Bc4 f5 7. f3 Nf6 8. Bg5 Nc6 9. Nd2 e3 10. Bxe3 e5 11. 0-0-0 Kc7 12. Ne2 Bd7 13. Bb5 f4 14. Bf2 Ne7 15. Bxd7 Nxd7 16. Ne4 Nc6 17. g3 fxg3 18. Bxg3 Be7 19. Nd4 Nxd4 20. cxd4 Bf6 21. dxe5 Nxe5 22. Rd5 Rhe8 23. Rhd1 Rad8 24. Rc5+ Kb6 25. Rxd8 Rxd8 26. Bxe5 Bxe5 27. Rxe5 Rf8 28. Rh5 h6 29. Rh3 Rd8 30. Rg3 Rd7 31. Rg6+ Kb5 32. Kc2 b6 33. Rd6 Rf7 34. Rd3 Kc6 35. Kc3 Rf5 36. b4 Rh5 37. a4 Rxh2 38. Rd6+ Kc7 39. Rg6 Rh3 40. Rxg7+ Kc6 41. Kd4 a6 42. f4 h5 43. f5 h4 44. f6 Rf3 45. f7 h3 46. Rh7 h2 47. Ng5 Rf2 48. Ke4 Kd6 49. Nf3 Ke7 50. Rxh2 Rf1 51. Ng5 Re1+ 52. Kf5 Rf1+ 53. Kg6 Rf6+ 54. Kg7 Rf5 55. Re2+ Kd7 56. f8Q Rxg5+ 57. Kf6 Rd5 58. Qf7+ Kc6 59. Rc2+ Kd6 60. Qc7# 1-0